The spread of islam in the world (Record no. 65094)

MARC details
000 -LEADER
fixed length control field 00200nam a22000977a 4500
082 ## - DEWEY DECIMAL CLASSIFICATION NUMBER
Classification number 297.16
100 ## - MAIN ENTRY--AUTHOR NAME
Personal name Thomas W. Arnold
245 ## - TITLE STATEMENT
Title The spread of islam in the world
300 ## - PHYSICAL DESCRIPTION
Number of Pages 467p
942 ## - ADDED ENTRY ELEMENTS (KOHA)
Koha item type Books
Holdings
Withdrawn status Lost status Collection code Home library Current library Date acquired Full call number Accession Number Koha item type
    Reference Reference Section Reference Section 08/07/2019 297.16 (Shelf - 18C) R24739 Books